| 000 | 00597nam a22002055i 4500 | ||
|---|---|---|---|
| 001 | 48835 | ||
| 003 | ES-MaACL | ||
| 007 | t| | ||
| 008 | 950907s1869 gw ||||1| eng d | ||
| 040 |
_aCAM _bspa _cCAM |
||
| 100 | 1 |
_aDixon, William Hepworth. _944910 |
|
| 245 | 1 | 0 |
_aHer Majesty's Tower / _cby William Hepworth Dixon. |
| 260 |
_aLeipzig : _bBernhard Tauchnitz, _c1869. |
||
| 300 |
_a2 v. ; _c16 cm. |
||
| 490 | 1 | _aCollection of British authors | |
| 505 | 8 | _aContiene 4 t. en 2 v. | |
| 830 | 0 |
_aCollection of British authors _9180703 |
|
| 852 |
_aES-MaACL _jG-12382-3 |
||
| 999 |
_c48835 _d48835 |
||